Quem incendiou a biblioteca? | O rasto do pequeno polegar (Registo nº 4032)

Detalhes MARC
000 -Etiqueta do registo
Cabeçalho 00769nam0a2200253 4500
005 - Identificador da versão
Campo de controlo 20240903104109.0
010 ## - Número internacional normalizado dos livros (ISBN)
Número (ISBN) 9727310117
021 ## - Número do Depósito Legal
Código do país PT
Número 63486/93
100 ## - Dados gerais de processamento
Dados gerais de processamento 20161202d1993 a y0pory5003 ba
101 1# - Língua de publicação
Língua do texto, banda sonora, etc. Português
Língua do documento no original Italiano
102 ## - Pais de publicação ou produção
País de publicação Portugal
200 1# - Titulo e menção de responsabilidade
Título próprio Quem incendiou a biblioteca?
-- O rasto do pequeno polegar
Primeira menção de responsabilidade Anna Lavatelli
Outras menções de responsabilidade trad. Simonetta Neto
-- il. Giuseppe Donghi
210 ## - Publicação, Distribuição, etc. 
Lugar da edição, distribuição, etc. Lisboa
Nome do editor, distribuidor, etc. Planeta
Data da publicação, distribuição, etc. D.L. 1993
215 ## - Descrição física 
Indicação específica da natureza do documento e extensão da espécie 63, [1] p.
Outras indicações físicas il
225 1# - Colecção 
Título próprio da colecção A biblioteca ilustrada
Indicação de volume 3
606 ## - Nome comum usado como assunto
Número de registo de entrada de autoridade 0001426
Palavra de ordem Literatura italiana
Subdivisão de assunto Conto
Código do sistema CA
675 ## - Classificação Decimal Universal (CDU)
Notação 821.131.1-34
Edição 3ª ed.
Língua da edição por
700 #1 - Nome de autor-pessoa física (responsabilidade principal)
Número de registo de entrada de autoridade 0000523
Palavra de ordem Lavatelli
Outra parte do nome não tomada para palavra de ordem Anna
702 #1 - Nome de autor-pessoa física (responsabilidade secundária)
Número de registo de entrada de autoridade 0000524
Palavra de ordem Donghi
Outra parte do nome não tomada para palavra de ordem Giuseppe
Código de função Ilustrador / Técnico de desenho computorizado
Número de registo de entrada de autoridade 0000176
Palavra de ordem Neto
Outra parte do nome não tomada para palavra de ordem Simonetta
Código de função Tradutor
942 ## - Elementos de entrada adicionados (Koha)
Tipo de item no Koha Livro
966 ## - Identificação da Biblioteca
Sigla EBVEN
Exemplares
Situação do levantamento Origin of item (home branch) (coded) Biblioteca de empréstimo Código de barras Cota Circulation type (not for loan) Tipo de documento Nota do exemplar Damaged status
  Biblioteca Escolar das Vendas Biblioteca Escolar das Vendas BEV22 8EST LAV   Livro Sem mensagem